<?xml version="1.0" encoding="UTF-8"?>
<record
    xmlns:xsi="http://www.w3.org/2001/XMLSchema-instance"
    xsi:schemaLocation="http://www.loc.gov/MARC21/slim http://www.loc.gov/standards/marcxml/schema/MARC21slim.xsd"
    xmlns="http://www.loc.gov/MARC21/slim">

  <leader>01302nam a22002417a 4500</leader>
  <controlfield tag="001">47223</controlfield>
  <controlfield tag="003">BD-RjUL</controlfield>
  <controlfield tag="005">20211209054258.0</controlfield>
  <controlfield tag="008">160807s1977    ii ||||| |||| 00| 0 ben d</controlfield>
  <datafield tag="035" ind1=" " ind2=" ">
    <subfield code="a">(BD-RjUL)47342</subfield>
  </datafield>
  <datafield tag="040" ind1=" " ind2=" ">
    <subfield code="a">BD-RjUL</subfield>
    <subfield code="b">ben </subfield>
    <subfield code="c">BD-RjUL</subfield>
  </datafield>
  <datafield tag="041" ind1=" " ind2=" ">
    <subfield code="a">ben </subfield>
  </datafield>
  <datafield tag="082" ind1=" " ind2=" ">
    <subfield code="2">23 </subfield>
    <subfield code="a">32.30954 </subfield>
    <subfield code="b">SHB 1977 </subfield>
  </datafield>
  <datafield tag="100" ind1="1" ind2=" ">
    <subfield code="a">&#x9B6;&#x9B0;&#x9CD;&#x9AE;&#x9BE;, &#x9B0;&#x9BE;&#x9AE; &#x9B6;&#x9B0;&#x9A3; </subfield>
    <subfield code="9">143779</subfield>
  </datafield>
  <datafield tag="245" ind1="1" ind2="0">
    <subfield code="a">&#x9AD;&#x9BE;&#x9B0;&#x9A4;&#x9C7;&#x9B0; &#x9B8;&#x9BE;&#x9AE;&#x9A8;&#x9CD;&#x9A4;&#x9A4;&#x9A8;&#x9CD;&#x9A4;&#x9CD;&#x9B0; :</subfield>
    <subfield code="b">(&#x99A;&#x9A4;&#x9C1;&#x9B0;&#x9CD;&#x9A5; &#x9B9;&#x987;&#x9A4;&#x9C7; &#x9A6;&#x9CD;&#x9AC;&#x9BE;&#x9A6;&#x9B6; &#x9B6;&#x9A4;&#x9BE;&#x9AC;&#x9CD;&#x9A6;&#x9C0;) / </subfield>
    <subfield code="c">&#x9B0;&#x9BE;&#x9AE; &#x9B6;&#x9B0;&#x9A3; &#x9B6;&#x9B0;&#x9CD;&#x9AE;&#x9BE; ;  &#x985;&#x9A8;&#x9C1;&#x9AC;&#x9BE;&#x9A6;&#x995;: &#x9B6;&#x9BF;&#x9AC;&#x9C7;&#x9B6;&#x995;&#x9C1;&#x9AE;&#x9BE;&#x9B0; &#x99A;&#x99F;&#x9CD;&#x9B0;&#x9CB;&#x9AA;&#x9BE;&#x9A7;&#x9CD;&#x9AF;&#x9BE;&#x9AF;&#x9BC;</subfield>
  </datafield>
  <datafield tag="260" ind1=" " ind2=" ">
    <subfield code="a">&#x995;&#x9B2;&#x9BF;&#x995;&#x9BE;&#x9A4;&#x9BE; :</subfield>
    <subfield code="b">&#x995;&#x9C7; &#x9AA;&#x9BF; &#x9AC;&#x9BE;&#x997;&#x99A;&#x9C0; &#x98F;&#x9CD;&#x9AF;&#x9BE;&#x9A3;&#x9CD;&#x9A1; &#x995;&#x9CB;&#x982; ,</subfield>
    <subfield code="c">&#x9E7;&#x9EF;&#x9ED;&#x9ED; </subfield>
  </datafield>
  <datafield tag="300" ind1=" " ind2=" ">
    <subfield code="a">[&#x9E7;&#x9EA;], &#x9E8;&#x9ED;&#x9E9; &#x9AA;&#x9C3;. ; </subfield>
    <subfield code="c">&#x9E8;&#x9E8; &#x9B8;&#x9C7;&#x9AE;&#x9BF;. </subfield>
  </datafield>
  <datafield tag="500" ind1=" " ind2=" ">
    <subfield code="a">"&#x9AD;&#x9BE;&#x9B0;&#x9A4;&#x9C0;&#x9AF;&#x9BC; &#x987;&#x9A4;&#x9BF;&#x9B9;&#x9BE;&#x9B8; &#x985;&#x9A8;&#x9C1;&#x9B8;&#x9A8;&#x9CD;&#x9A7;&#x9BE;&#x9A8; &#x9AA;&#x9B0;&#x9BF;&#x9B7;&#x9A6;-&#x98F;&#x9B0; &#x9B8;&#x9B9;&#x9AF;&#x9CB;&#x997;&#x9BF;&#x9A4;&#x9BE;&#x9AF;&#x9BC; &#x9AA;&#x9CD;&#x9B0;&#x995;&#x9BE;&#x9B6;&#x9BF;&#x9A4;"</subfield>
  </datafield>
  <datafield tag="650" ind1=" " ind2=" ">
    <subfield code="a">&#x9B8;&#x9BE;&#x9AE;&#x9A8;&#x9CD;&#x9A4;&#x9A4;&#x9A8;&#x9CD;&#x9A4;&#x9CD;&#x9B0;</subfield>
    <subfield code="x">&#x987;&#x9A4;&#x9BF;&#x9B9;&#x9BE;&#x9B8;</subfield>
    <subfield code="z">&#x9AD;&#x9BE;&#x9B0;&#x9A4;</subfield>
    <subfield code="9">237660</subfield>
  </datafield>
  <datafield tag="650" ind1=" " ind2=" ">
    <subfield code="a">Feudalism</subfield>
    <subfield code="x">History</subfield>
    <subfield code="z">India</subfield>
    <subfield code="9">237661</subfield>
  </datafield>
  <datafield tag="700" ind1=" " ind2=" ">
    <subfield code="a">&#x99A;&#x99F;&#x9CD;&#x9B0;&#x9CB;&#x9AA;&#x9BE;&#x9A7;&#x9CD;&#x9AF;&#x9BE;&#x9AF;&#x9BC;, &#x9B6;&#x9BF;&#x9AC;&#x9C7;&#x9B6;&#x995;&#x9C1;&#x9AE;&#x9BE;&#x9B0;, &#x985;&#x9A8;&#x9C1;&#x9AC;&#x9BE;&#x9A6;&#x995; </subfield>
    <subfield code="9">237666</subfield>
  </datafield>
  <datafield tag="942" ind1=" " ind2=" ">
    <subfield code="2">ddc</subfield>
    <subfield code="c">BK</subfield>
  </datafield>
  <datafield tag="999" ind1=" " ind2=" ">
    <subfield code="c">47223</subfield>
    <subfield code="d">47223</subfield>
  </datafield>
  <datafield tag="952" ind1=" " ind2=" ">
    <subfield code="0">0</subfield>
    <subfield code="1">0</subfield>
    <subfield code="2">ddc</subfield>
    <subfield code="4">0</subfield>
    <subfield code="7">0</subfield>
    <subfield code="8">NFIC</subfield>
    <subfield code="a">RUCL</subfield>
    <subfield code="b">RUCL</subfield>
    <subfield code="c">Stack</subfield>
    <subfield code="d">1986-02-27</subfield>
    <subfield code="l">0</subfield>
    <subfield code="o">B 321.30954  SHB 1977</subfield>
    <subfield code="r">2016-08-07 00:00:00</subfield>
    <subfield code="t">C-2</subfield>
    <subfield code="w">2021-12-09</subfield>
    <subfield code="y">BK</subfield>
  </datafield>
  <datafield tag="952" ind1=" " ind2=" ">
    <subfield code="0">0</subfield>
    <subfield code="1">0</subfield>
    <subfield code="2">ddc</subfield>
    <subfield code="4">0</subfield>
    <subfield code="7">1</subfield>
    <subfield code="8">RARE</subfield>
    <subfield code="a">RUCL</subfield>
    <subfield code="b">RUCL</subfield>
    <subfield code="c">Rare</subfield>
    <subfield code="d">1981-09-22</subfield>
    <subfield code="e">India International,kolikata</subfield>
    <subfield code="g">20.00</subfield>
    <subfield code="l">0</subfield>
    <subfield code="o">BRA 32.30954  SHB 1977</subfield>
    <subfield code="r">2020-01-16 00:00:00</subfield>
    <subfield code="t">C-1</subfield>
    <subfield code="w">2020-01-16</subfield>
    <subfield code="y">BK</subfield>
  </datafield>
</record>
